| 000 | 01065nam a22001937a 4500 | ||
|---|---|---|---|
| 005 | 20120214124213.0 | ||
| 020 |
_a9788181469717 _c150.00 |
||
| 082 | _aक | ||
| 100 |
_aम्युरियल ककानी _941909 |
||
| 245 |
_aनील का रहस्य / _cम्युरियल ककानी;बोस्की जैन द्वारा चित्रांकित;वीणा शिवपुरी द्वारा अनुदित |
||
| 260 |
_aचैन्नेई _bतूलिका पब्लिशिंग _c2011 |
||
| 270 |
_a13 पृथ्वी ऐवन्यु, अभिरमपुरम _bचैन्नेई _e600018 |
||
| 300 |
_aअ.पृ. _bसचित्र _c22सेमी (अजिल्द) |
||
| 700 |
_941870 _aजैन, बोस्की |
||
| 700 |
_941871 _aवीणा शिवपुरी |
||
| 700 | _941872 | ||
| 942 |
_2ddc _cCH _hक _mम्युरिय |
||
| 999 |
_c62728 _d62728 |
||